000 00207 a2200097 4500
001 46035
100 _aHill J
245 _aStriking for soccer
260 _aLondon
_bPeter Davies
_c
090 _c29167
_d29167
942 _aNUST-CAE
_cM
_c21299
999 _c281108
_d281108